[Event "XLVIII Festival A"]
[Site "Imperia ITA"]
[Date "2006.09.06"]
[Round "4"]
[White "Fossati, Remigio"]
[Black "Schwanengel, Ulrich"]
[WhiteElo "2203"]
[BlackElo "2103"]
[Result "1-0"]
[PlyCount "137"]
[EventDate "2006.09.03"]

1. d4 Nf6 2. c4 e6 3. Nc3 Bb4 4. e3 O-O 5. Nge2 d5 6. a3 Be7 7. cxd5 exd5 8. g3
c6 9. Bg2 Bf5 10. O-O Re8 11. b3 Nbd7 12. Ra2 Bd6 13. Kh1 Ng4 14. Ng1 h5 15.
Bh3 g6 16. Re1 Kg7 17. f3 Nh6 18. Bg2 Nf6 19. e4 dxe4 20. Bxh6+ Kxh6 21. fxe4
Bg4 22. Qd2+ Kh7 23. e5 Qe7 24. Raa1 Bc7 25. exf6 Qxf6 26. Rxe8 Rxe8 27. Rf1
Bf5 28. Nf3 Qe7 29. Re1 Qd7 30. Rxe8 Qxe8 31. Nh4 Bd7 32. Ne4 Bd8 33. Qf2 Kg7
34. Nc5 Bc8 35. Nf3 Qe7 36. b4 a5 37. Qe1 Qxe1+ 38. Nxe1 Bg5 39. Ned3 Be3 40.
bxa5 Bxd4 41. Nb3 Be3 42. Ndc5 f5 43. a6 bxa6 44. Bxc6 a5 45. a4 Kf6 46. Bb7
Bxb7+ 47. Nxb7 Ke5 48. N3xa5 Kd5 49. Nd8 f4 50. Kg2 fxg3 51. hxg3 g5 52. Nab7
Kc4 53. Ne6 Kb4 54. a5 h4 55. g4 Kb5 56. Nd6+ Ka6 57. Nc7+ Ka7 58. Ndb5+ Kb8
59. a6 Bb6 60. a7+ Bxa7 61. Nxa7 Kxc7 62. Nb5+ Kd7 63. Nd4 Ke7 64. Nf3 Kf6 65.
Ng1 Ke6 66. Nh3 Ke5 67. Kf2 Ke6 68. Kf3 Kf6 69. Ke4 1-0

[Event "XLVIII Festival A"]
[Site "Imperia ITA"]
[Date "2006.09.06"]
[Round "4"]
[White "Jacob, Volker"]
[Black "Tomassoni, Leonardo"]
[WhiteElo "2280"]
[BlackElo "2005"]
[Result "1-0"]
[PlyCount "81"]
[EventDate "2006.09.03"]

1. d4 Nf6 2. c4 c5 3. d5 e6 4. Nc3 exd5 5. cxd5 d6 6. e4 a6 7. f3 Be7 8. a4
Nbd7 9. Nh3 O-O 10. Nf2 Qc7 11. Be2 Re8 12. O-O Ne5 13. f4 Ng6 14. Be3 Bd7 15.
Qd2 Rad8 16. g3 Bc8 17. a5 Bd7 18. Rfc1 Qb8 19. Rab1 Rc8 20. b4 c4 21. b5 axb5
22. Nxb5 Bxb5 23. Rxb5 Bd8 24. Bf3 Qc7 25. Qb4 Qd7 26. Bd4 h5 27. Rxc4 h4 28.
Rxc8 Qxc8 29. Qc3 Qd7 30. Qb3 Qc8 31. Bc3 Nxf4 32. gxf4 Nxe4 33. Nxe4 Rxe4 34.
Bxe4 Qg4+ 35. Kh1 Qxf4 36. Qb1 f5 37. Rxb7 fxe4 38. Rxg7+ Kf8 39. Qd1 Bg5 40.
a6 e3 41. a7 1-0

[Event "XLVIII Festival A"]
[Site "Imperia ITA"]
[Date "2006.09.06"]
[Round "4"]
[White "Lacrosse, Marc"]
[Black "Popa, Claudiu"]
[WhiteElo "2225"]
[BlackElo "2193"]
[Result "1-0"]
[PlyCount "123"]
[EventDate "2006.09.03"]

1. d4 d5 2. c4 dxc4 3. Nf3 Nf6 4. e3 e6 5. Bxc4 c5 6. Qe2 a6 7. dxc5 Bxc5 8. e4
Ng4 9. O-O Nc6 10. h3 Nge5 11. Nxe5 Nxe5 12. Rd1 Qf6 13. Bb3 Bd7 14. Nc3 Bc6
15. Be3 Bxe3 16. Qxe3 O-O 17. f4 Ng6 18. g3 Rfd8 19. e5 Qe7 20. Kf1 Rxd1+ 21.
Rxd1 Rd8 22. Rd4 Nf8 23. Qd2 Rxd4 24. Qxd4 Nd7 25. Bc2 Qc5 26. Qxc5 Nxc5 27. b4
Nd7 28. Kf2 g5 29. Ke3 gxf4+ 30. gxf4 Kg7 31. Kd4 h6 32. a4 b6 33. Bd3 Bb7 34.
a5 b5 35. Ne4 Ba8 36. Nd6 Kf8 37. Nc8 Bb7 38. Nb6 Ke7 39. Nxd7 Kxd7 40. Kc5 Kc7
41. Be2 Be4 42. Kd4 Bg6 43. Bf3 Kc8 44. Ke3 Kc7 45. Kf2 Kc8 46. Kg3 Kd7 47. Kh4
Kc8 48. Bg2 Kc7 49. f5 exf5 50. Kg3 Kc8 51. Kf4 Kc7 52. Bf3 Kc8 53. h4 Kc7 54.
h5 Bh7 55. Bd5 Kc8 56. Bxf7 Kd7 57. Bd5 Kc7 58. Bf3 Kd8 59. e6 Kc7 60. Ke5 f4
61. Kf6 Bg8 62. e7 1-0

[Event "XLVIII Festival A"]
[Site "Imperia ITA"]
[Date "2006.09.06"]
[Round "4"]
[White "Luciani, Carlo"]
[Black "Jurek, Josef"]
[WhiteElo "2236"]
[BlackElo "2390"]
[Result "1/2-1/2"]
[PlyCount "22"]
[EventDate "2006.09.03"]

1. e4 c5 2. Nf3 e6 3. b3 b6 4. Bd3 Bb7 5. O-O d6 6. Bb2 Nd7 7. Qe2 Ngf6 8. Nc3
Be7 9. Ba6 Qc8 10. Bxb7 Qxb7 11. Rae1 O-O 1/2-1/2

[Event "XLVIII Festival A"]
[Site "Imperia ITA"]
[Date "2006.09.06"]
[Round "4"]
[White "Mercandelli, Claudio"]
[Black "Finocchiaro, Gianluca"]
[WhiteElo "2028"]
[BlackElo "1986"]
[Result "1/2-1/2"]
[PlyCount "88"]
[EventDate "2006.09.03"]

1. c4 e5 2. g3 g6 3. Bg2 Bg7 4. Nc3 d6 5. e4 Nf6 6. Nge2 O-O 7. d3 c6 8. O-O
Nbd7 9. h3 h6 10. Be3 Nc5 11. Qd2 g5 12. f4 exf4 13. gxf4 g4 14. hxg4 Nxg4 15.
Bd4 Qh4 16. Rf3 Bxd4+ 17. Nxd4 Qh2+ 18. Kf1 Qh4 19. Rh3 Nh2+ 20. Kg1 Bxh3 21.
Bxh3 Qxh3 22. Qxh2 Qxh2+ 23. Kxh2 Nxd3 24. e5 dxe5 25. Nf5 Kh7 26. Ne4 Nxf4 27.
Rg1 Nh5 28. Rg4 f6 29. Rh4 Kg6 30. Ne7+ Kf7 31. Nf5 Nf4 32. Rg4 Ke6 33. Ned6
Rad8 34. c5 Kd5 35. b4 b6 36. Ne7+ Ke6 37. Nxc6 Rxd6 38. cxd6 Kxd6 39. Nxa7 Ra8
40. Rg7 e4 41. Nb5+ Kc6 42. Nc3 e3 43. Re7 e2 44. Kg3 Nh5+ 1/2-1/2

[Event "XLVIII Festival A"]
[Site "Imperia ITA"]
[Date "2006.09.06"]
[Round "4"]
[White "Payen, Arnaud"]
[Black "Barlocco, Carlo"]
[WhiteElo "2390"]
[BlackElo "2183"]
[Result "1/2-1/2"]
[PlyCount "120"]
[EventDate "2006.09.03"]

1. d4 Nf6 2. Nf3 e6 3. e3 b6 4. Bd3 Bb7 5. O-O c5 6. b3 Be7 7. Bb2 O-O 8. c4 d6
9. Nc3 Nc6 10. Rc1 Rc8 11. Re1 a6 12. Bb1 d5 13. Na4 Ne4 14. cxd5 exd5 15. dxc5
Nxc5 16. Nxc5 Bxc5 17. Qd3 g6 18. Red1 Ne7 19. b4 Bd6 20. Qd4 f6 21. a3 Nf5 22.
Bxf5 gxf5 23. Rxc8 Qxc8 24. Qxb6 Qc2 25. Rf1 Qc7 26. Qxc7 Bxc7 27. Rc1 Bd6 28.
g3 Kf7 29. Kf1 Rc8 30. Rxc8 Bxc8 31. Ke2 Bd7 32. Bd4 Bb5+ 33. Kd2 Bf1 34. Kc3
Kg6 35. Nh4+ Kg5 36. f4+ Kg4 37. Bxf6 Bc7 38. Kd2 Bb6 39. Ke1 Bd3 40. Kf2 Kh3
41. Nf3 h5 42. Ne5 Bb5 43. Nf3 a5 44. Ng5+ Kxh2 45. Bd4 Bd8 46. bxa5 Bxa5 47.
Ne6 Bd3 48. Bf6 Kh3 49. Bd8 Bc3 50. a4 Kg4 51. a5 Bc4 52. Nd4 Bxd4 53. exd4 Ba6
54. Bh4 Bc4 55. Ke3 Bf1 56. Kf2 Bc4 57. Be7 Ba6 58. Bb4 Bc4 59. Be1 Ba6 60. Ke3
Bc4 1/2-1/2

[Event "XLVIII Festival A"]
[Site "Imperia ITA"]
[Date "2006.09.06"]
[Round "4"]
[White "Pepino, Enrico"]
[Black "Lindoerfer, Klaus"]
[WhiteElo "2187"]
[BlackElo "2217"]
[Result "1-0"]
[PlyCount "119"]
[EventDate "2006.09.03"]

1. e4 c5 2. Nf3 e6 3. d4 cxd4 4. Nxd4 Nf6 5. Bd3 Nc6 6. Nxc6 bxc6 7. O-O d5 8.
Nc3 Be7 9. Bf4 O-O 10. e5 Nd7 11. Re1 f5 12. exf6 Nxf6 13. Bg3 Bd6 14. Bxd6
Qxd6 15. Qe2 Bd7 16. b3 Rae8 17. Qe5 Qxe5 18. Rxe5 Ng4 19. Re2 e5 20. f3 Nh6
21. Rae1 Nf7 22. Na4 Re7 23. Nc5 Bc8 24. c4 g6 25. cxd5 cxd5 26. b4 Rd8 27. Bc2
Kg7 28. Bb3 h5 29. a4 Bf5 30. Kf2 Rc7 31. a5 Kf6 32. g3 Rc6 33. Ba4 Rc7 34. Bb3
Rc6 35. Rd2 Rb8 36. Bxd5 Rd6 37. g4 hxg4 38. fxg4 Rxb4 39. gxf5 gxf5 40. Red1
Ng5 41. Bg2 Rxd2+ 42. Rxd2 e4 43. Ke3 Rb5 44. Nd7+ Ke6 45. Kf4 Nf7 46. a6 Nd6
47. Nf8+ Ke7 48. Ng6+ Ke6 49. Bf1 Rb3 50. Kg5 Nf7+ 51. Kh5 Kf6 52. Rc2 Rf3 53.
Bg2 Ra3 54. Rc6+ Kg7 55. Nh4 Ra5 56. Rg6+ Kh7 57. Rf6 f4+ 58. Kg4 f3 59. Rxf7+
Kg8 60. Rxa7 1-0

[Event "XLVIII Festival A"]
[Site "Imperia ITA"]
[Date "2006.09.06"]
[Round "4"]
[White "Schacher, Gerd"]
[Black "Cugini, Verter"]
[WhiteElo "2274"]
[BlackElo "2209"]
[Result "1/2-1/2"]
[PlyCount "51"]
[EventDate "2006.09.03"]

1. c4 c5 2. Nc3 g6 3. g3 Bg7 4. Bg2 e5 5. a3 Nc6 6. Rb1 Nge7 7. b4 d6 8. d3 O-O
9. e3 Bf5 10. b5 Na5 11. Nge2 Rb8 12. e4 Be6 13. Bd2 a6 14. a4 axb5 15. axb5
Ra8 16. O-O Qd7 17. Ra1 b6 18. Qc2 Nb7 19. Rfb1 Rfb8 20. Nd1 Nd8 21. Qc1 Bh3
22. Ne3 Bxg2 23. Kxg2 Ne6 24. Nd5 Nxd5 25. exd5 Nc7 26. Nc3 1/2-1/2

[Event "XLVIII Festival A"]
[Site "Imperia ITA"]
[Date "2006.09.06"]
[Round "4"]
[White "Van Hoolandt, Patrick"]
[Black "Raineri, Valerio"]
[WhiteElo "2263"]
[BlackElo "2145"]
[Result "0-1"]
[PlyCount "110"]
[EventDate "2006.09.03"]

1. d4 Nf6 2. c4 g6 3. Nc3 Bg7 4. e4 d6 5. Nf3 O-O 6. Be2 e5 7. O-O Nc6 8. d5
Ne7 9. Ne1 Ne8 10. f3 f5 11. g4 f4 12. h4 Kh8 13. Ng2 Ng8 14. Bd2 Bf6 15. Be1
Be7 16. Kh2 Ngf6 17. Rh1 Ng7 18. Bf2 Rf7 19. Kg1 Bd7 20. Rc1 Qf8 21. Ne1 a6 22.
Kg2 b6 23. b4 Bc8 24. a3 Nd7 25. Nd3 Ne8 26. c5 bxc5 27. bxc5 Ndf6 28. Rb1 Nd7
29. Na4 dxc5 30. Qc2 Bd6 31. Qc3 Nef6 32. Naxc5 Nxc5 33. Nxc5 Nxg4 34. fxg4 f3+
35. Bxf3 Bxg4 36. Rb3 Bxf3+ 37. Qxf3 Bxc5 38. Bxc5 Rxf3 39. Bxf8 Rxb3 40. Rf1
Kg8 41. Be7 Re3 42. Rc1 Rb8 43. Rxc7 Rb2+ 44. Kf1 Rh3 45. Kg1 Re3 46. Rc1 Ra2
47. d6 Kf7 48. Rf1+ Ke6 49. Rb1 Ree2 50. Bf8 Rg2+ 51. Kh1 Rh2+ 52. Kg1 Rag2+
53. Kf1 Rb2 54. Kg1 Rxb1+ 55. Kxh2 Re1 0-1

[Event "XLVIII Festival A"]
[Site "Imperia ITA"]
[Date "2006.09.06"]
[Round "4"]
[White "Zakoucka, Adela"]
[Black "Mittermeier, Peter"]
[WhiteElo "1974"]
[BlackElo "2058"]
[Result "0-1"]
[PlyCount "50"]
[EventDate "2006.09.03"]

1. e4 c6 2. d4 d5 3. exd5 cxd5 4. c4 Nf6 5. Nc3 Nc6 6. c5 e5 7. dxe5 Nxe5 8.
Be3 Be6 9. b4 a5 10. b5 Rc8 11. Na4 Nfd7 12. Rc1 Nc4 13. Bd4 Nxc5 14. Nxc5 Bxc5
15. Bxg7 Qh4 16. Qe2 Qg5 17. Bb2 Bb4+ 18. Kd1 O-O 19. Nf3 Qf4 20. Bd4 Bg4 21.
Be3 Qe4 22. h3 Nxe3+ 23. fxe3 Rxc1+ 24. Kxc1 Rc8+ 25. Kb2 Ba3+ 0-1

[Event "XLVIII Festival A"]
[Site "Imperia ITA"]
[Date "2006.09.06"]
[Round "5"]
[White "Ahner, Thomas"]
[Black "Van Hoolandt, Patrick"]
[WhiteElo "2157"]
[BlackElo "2263"]
[Result "0-1"]
[PlyCount "80"]
[EventDate "2006.09.03"]

1. e4 e5 2. Nf3 Nc6 3. Bb5 Nf6 4. O-O Nxe4 5. d4 Nd6 6. Bxc6 dxc6 7. dxe5 Nf5
8. Qxd8+ Kxd8 9. b3 a5 10. Ba3 a4 11. Bxf8 axb3 12. cxb3 Rxf8 13. Nc3 Bd7 14.
Rfd1 Ke7 15. Rd2 h6 16. a4 Be6 17. b4 Rfd8 18. Rad1 Rxd2 19. Rxd2 b5 20. a5 c5
21. bxc5 Rxa5 22. Rb2 Ra1+ 23. Rb1 Rxb1+ 24. Nxb1 b4 25. Kf1 Kd7 26. g4 Ne7 27.
h3 Bc4+ 28. Ke1 Kc6 29. Nfd2 Kxc5 30. f4 Ng6 31. e6 fxe6 32. f5 exf5 33. gxf5
Nf4 34. f6 gxf6 35. Ne4+ Kd4 36. Nxf6 Nxh3 37. Ne8 c5 38. Nd6 Bd3 39. Nd2 Ng5
40. Kd1 Kd5 0-1

[Event "XLVIII Festival A"]
[Site "Imperia ITA"]
[Date "2006.09.06"]
[Round "5"]
[White "Barlocco, Carlo"]
[Black "Egartner, Wolfgang"]
[WhiteElo "2183"]
[BlackElo "2147"]
[Result "0-1"]
[PlyCount "100"]
[EventDate "2006.09.03"]

1. d4 d5 2. Nf3 c6 3. e3 Bf5 4. c4 e6 5. Nc3 Nf6 6. Nh4 Bg6 7. Be2 Nbd7 8. O-O
Bd6 9. g3 dxc4 10. Nxg6 hxg6 11. Bxc4 Nb6 12. Bb3 Qd7 13. Qf3 O-O-O 14. h4 Be7
15. Rd1 Rh5 16. e4 Bb4 17. Bg5 Bxc3 18. bxc3 Rdh8 19. Bxf6 gxf6 20. Qxf6 g5 21.
hxg5 Rg8 22. c4 Rhxg5 23. c5 Na8 24. Rd3 Nc7 25. Rad1 R8g6 26. Qf3 f5 27. d5
cxd5 28. exd5 e5 29. Qg2 e4 30. Re3 f4 31. Rxe4 fxg3 32. f3 Rh5 33. Rg4 Rxg4
34. fxg4 Qxg4 35. Rd3 Qf4 36. Qf3 Qc1+ 37. Rd1 Qxc5+ 38. Kg2 Rh2+ 39. Kxg3 Qd6+
40. Kg4 Qg6+ 41. Kf4 Qh6+ 42. Ke5 Rh5+ 43. Kd4 Rh4+ 44. Ke5 Qg7+ 45. Kd6 Qd7+
46. Ke5 Qe7+ 47. Kf5 Qf7+ 48. Kg5 Qxf3 49. Kxh4 Ne8 50. Kg5 Nd6 0-1

[Event "XLVIII Festival A"]
[Site "Imperia ITA"]
[Date "2006.09.06"]
[Round "5"]
[White "Cardona, Paolo"]
[Black "Pesce, Gabriele"]
[WhiteElo "1937"]
[BlackElo "2006"]
[Result "1/2-1/2"]
[PlyCount "23"]
[EventDate "2006.09.03"]

1. e4 c5 2. Nf3 Nc6 3. c3 d5 4. exd5 Qxd5 5. d4 Bg4 6. Be2 e6 7. h3 Bh5 8. O-O
Nf6 9. Na3 cxd4 10. Nb5 Rc8 11. Nbxd4 Bc5 12. Nxc6 1/2-1/2

[Event "XLVIII Festival A"]
[Site "Imperia ITA"]
[Date "2006.09.06"]
[Round "5"]
[White "Cugini, Verter"]
[Black "Biolek, Richard sr"]
[WhiteElo "2209"]
[BlackElo "2440"]
[Result "0-1"]
[PlyCount "96"]
[EventDate "2006.09.03"]

1. e4 d5 2. exd5 Nf6 3. c4 e6 4. dxe6 Bxe6 5. Nf3 Nc6 6. Be2 Bc5 7. O-O Qd7 8.
Nc3 O-O-O 9. a3 Rhe8 10. b4 Bd4 11. Bb2 Bf5 12. b5 Ne5 13. Nxe5 Bxe5 14. d3
Bxd3 15. Bxd3 Qxd3 16. Qxd3 Rxd3 17. Rac1 Red8 18. a4 Rd2 19. Ba1 Bd4 20. h3 c6
21. Nd1 Ra2 22. Bxd4 Rxd4 23. Nc3 Ra3 24. Ne2 Rd2 25. Nc3 Rd3 26. Nd1 Rd4 27.
Ne3 Rxa4 28. bxc6 bxc6 29. Ra1 Rxa1 30. Rxa1 Rd7 31. g4 Ne4 32. f3 Nc5 33. Ra5
Nb3 34. Ra3 Nd4 35. Kf2 Kb7 36. c5 Nb5 37. Ra2 Rd3 38. Ke2 Rc3 39. Rd2 Kc8 40.
Nf5 Rxc5 41. Nxg7 a5 42. Nf5 a4 43. Nd4 Nxd4+ 44. Rxd4 Ra5 45. Rd2 a3 46. Ra2
Kd7 47. h4 Ke6 48. h5 Ke5 0-1

[Event "XLVIII Festival A"]
[Site "Imperia ITA"]
[Date "2006.09.06"]
[Round "5"]
[White "Del Dotto, Riccardo"]
[Black "Payen, Arnaud"]
[WhiteElo "2180"]
[BlackElo "2390"]
[Result "0-1"]
[PlyCount "82"]
[EventDate "2006.09.03"]

1. e4 g6 2. d4 Bg7 3. Nc3 c6 4. Be3 d5 5. Qd2 dxe4 6. Nxe4 Nd7 7. O-O-O Ngf6 8.
Nxf6+ Nxf6 9. f3 Be6 10. Ne2 a5 11. Kb1 Nd5 12. Bh6 Bxh6 13. Qxh6 Qb6 14. Qd2
Qb4 15. Nc1 h5 16. h4 Rd8 17. c3 Qd6 18. Nd3 b6 19. Ne5 a4 20. Bd3 b5 21. Rhe1
a3 22. b4 Bf5 23. Be4 Rg8 24. Ka1 f6 25. Bxd5 Qxd5 26. Nd3 Bxd3 27. Qxd3 Kf7
28. Re3 Rd7 29. Rde1 e5 30. Qe2 Rgd8 31. Re4 c5 32. Qxb5 exd4 33. cxd4 f5 34.
Rf4 cxd4 35. Qxd5+ Rxd5 36. Rd1 Rc8 37. Kb1 Rc4 38. Rd3 Rxb4+ 39. Rb3 Rxb3+ 40.
axb3 a2+ 41. Kxa2 d3 0-1

[Event "XLVIII Festival A"]
[Site "Imperia ITA"]
[Date "2006.09.06"]
[Round "5"]
[White "Di Paolo, Raffaele"]
[Black "Astengo, Marcello"]
[WhiteElo "2334"]
[BlackElo "2109"]
[Result "1-0"]
[PlyCount "75"]
[EventDate "2006.09.03"]

1. d4 d5 2. c4 c6 3. Nf3 e6 4. Nc3 dxc4 5. a4 Bb4 6. g3 Nf6 7. Bg2 O-O 8. O-O
Nbd7 9. Qc2 Re8 10. Na2 Bd6 11. Qxc4 e5 12. dxe5 Nxe5 13. Nxe5 Bxe5 14. Qc2 Be6
15. Nc3 Rc8 16. a5 Qe7 17. Be3 Bb8 18. Na4 Bd5 19. Rfe1 Ng4 20. Bc5 Qg5 21. e4
Be6 22. Rad1 Qh5 23. h4 Ne5 24. Bd6 Nf3+ 25. Bxf3 Qxf3 26. Rd3 Qh5 27. Bxb8
Rxb8 28. Qc5 Qg4 29. Qg5 Qh3 30. Nc5 h6 31. Qf4 Bc4 32. Rd4 b6 33. axb6 axb6
34. Nd7 Rbd8 35. Red1 Kh8 36. Rd6 Bd5 37. Rxh6+ Kg8 38. Nf6+ 1-0

[Event "XLVIII Festival A"]
[Site "Imperia ITA"]
[Date "2006.09.06"]
[Round "5"]
[White "Faraci, Antonino"]
[Black "Popa, Claudiu"]
[WhiteElo "2060"]
[BlackElo "2193"]
[Result "0-1"]
[PlyCount "114"]
[EventDate "2006.09.03"]

1. e4 e5 2. Nf3 Nc6 3. Bb5 g6 4. O-O Bg7 5. c3 d6 6. h3 Nge7 7. d4 O-O 8. dxe5
dxe5 9. Qe2 Bd7 10. Rd1 Qc8 11. Be3 a6 12. Bd3 Nd8 13. Qd2 Bc6 14. Bh6 f6 15.
Bxg7 Kxg7 16. Qe3 Ne6 17. Na3 b6 18. Nc2 Bb7 19. Re1 c5 20. b3 Rd8 21. Bf1 Qc6
22. g3 Rd7 23. Re2 Rad8 24. Nce1 Nc8 25. Bg2 Nd6 26. Nd2 a5 27. f4 Nf7 28. f5
Nf8 29. g4 g5 30. Rc1 Nd6 31. c4 a4 32. Nb1 axb3 33. axb3 Ra8 34. Nc3 Ra5 35.
Nd5 b5 36. Nd3 bxc4 37. bxc4 Ba6 38. Rec2 h6 39. Qe2 Ra4 40. Nb2 Ra3 41. Rd1
Qb7 42. Qf2 Qa7 43. Kh2 Bb7 44. Rcd2 Ne8 45. Bf1 Bc6 46. Bg2 Rb7 47. Nd3 Nd7
48. Qg1 Qa5 49. Qf2 Bxd5 50. exd5 Nd6 51. Rc2 Rbb3 52. Qe2 Rc3 53. Nb2 Nb6 54.
Bf1 Qb4 55. Qd2 Rxc2 56. Qxc2 Ra2 57. Rb1 Na4 0-1

[Event "XLVIII Festival A"]
[Site "Imperia ITA"]
[Date "2006.09.06"]
[Round "5"]
[White "Feistenauer, Harald"]
[Black "Tomassoni, Leonardo"]
[WhiteElo "2107"]
[BlackElo "2005"]
[Result "1/2-1/2"]
[PlyCount "73"]
[EventDate "2006.09.03"]

1. c4 Nf6 2. Nc3 d6 3. g3 g6 4. Bg2 Bg7 5. Nf3 Nbd7 6. O-O O-O 7. Rb1 Rb8 8. b4
e5 9. d3 c6 10. Qc2 Re8 11. e4 Qc7 12. Na4 a6 13. Bd2 Nf8 14. Bc3 Bd7 15. Rbe1
Ne6 16. c5 Nd8 17. Nb6 dxc5 18. bxc5 Bg4 19. Nc4 Bxf3 20. Bxf3 Bf8 21. d4 exd4
22. Bxd4 Nd7 23. Nd2 Ne6 24. Bc3 Ndxc5 25. Bg2 Rbd8 26. Nc4 Nd4 27. Qc1 Qe7 28.
Ba5 Rb8 29. Qc3 Bg7 30. e5 Nde6 31. Bb4 Red8 32. Nd6 Qxd6 33. exd6 Bxc3 34.
Bxc3 Rxd6 35. Be5 Rbd8 36. Bxd6 Rxd6 37. Re2 1/2-1/2

[Event "XLVIII Festival A"]
[Site "Imperia ITA"]
[Date "2006.09.06"]
[Round "5"]
[White "Finocchiaro, Gianluca"]
[Black "Mittermeier, Peter"]
[WhiteElo "1986"]
[BlackElo "2058"]
[Result "1/2-1/2"]
[PlyCount "33"]
[EventDate "2006.09.03"]

1. e4 e6 2. d4 d5 3. exd5 exd5 4. Bf4 Nc6 5. c3 Nf6 6. Bd3 Bg4 7. Qb3 Qc8 8.
Nd2 a6 9. Ngf3 Bh5 10. Ne5 Be7 11. Nxc6 bxc6 12. O-O O-O 13. a4 Bg6 14. Bxg6
hxg6 15. h3 c5 16. a5 c4 17. Qc2 1/2-1/2

[Event "XLVIII Festival A"]
[Site "Imperia ITA"]
[Date "2006.09.06"]
[Round "5"]
[White "Jurek, Josef"]
[Black "Pepino, Enrico"]
[WhiteElo "2390"]
[BlackElo "2187"]
[Result "1-0"]
[PlyCount "43"]
[EventDate "2006.09.03"]

1. Nf3 g6 2. d4 Nf6 3. c4 Bg7 4. g3 O-O 5. Bg2 c5 6. Nc3 cxd4 7. Nxd4 Nc6 8.
O-O Nxd4 9. Qxd4 d6 10. Qd3 a6 11. Be3 Qc7 12. Rac1 Bf5 13. Qd2 Rfc8 14. b3
Rab8 15. Ba7 Ra8 16. Bd4 Be6 17. e4 Nd7 18. Be3 Bxc3 19. Rxc3 b5 20. f4 Nb6 21.
f5 Bd7 22. fxg6 1-0

[Event "XLVIII Festival A"]
[Site "Imperia ITA"]
[Date "2006.09.06"]
[Round "5"]
[White "Malano, Francesco"]
[Black "Mercandelli, Claudio"]
[WhiteElo "2020"]
[BlackElo "2028"]
[Result "1-0"]
[PlyCount "103"]
[EventDate "2006.09.03"]

1. Nf3 Nf6 2. g3 g6 3. b3 Bg7 4. Bg2 O-O 5. Bb2 c5 6. c4 Nc6 7. O-O d6 8. Nc3
Ne8 9. e3 e5 10. Qe2 Nc7 11. Rad1 Ne6 12. d3 f5 13. Nd5 g5 14. Nd2 g4 15. f3 h5
16. h3 e4 17. Bxg7 exf3 18. Nxf3 gxf3 19. Bxf3 Kxg7 20. Bxh5 Qg5 21. Kh2 Kh6
22. Bf3 Ne5 23. Bg2 Qh5 24. Qxh5+ Kxh5 25. Ne7 Bd7 26. Nxf5 Bc6 27. d4 Bxg2 28.
Kxg2 Nf7 29. g4+ Kg5 30. Kg3 cxd4 31. h4+ Kg6 32. exd4 Ng7 33. h5+ Kh7 34. Kh4
Rae8 35. Rd2 Re4 36. Nxd6 Rxg4+ 37. Kxg4 Nh6+ 38. Kh3 Rxf1 39. Nxb7 Rh1+ 40.
Kg2 Rxh5 41. d5 Rg5+ 42. Kf3 Rf5+ 43. Ke4 Ng8 44. Rh2+ Nh6 45. d6 Rf7 46. Na5
Ne8 47. c5 Kg7 48. b4 Ng8 49. Kd5 Ngf6+ 50. Kc6 Rd7 51. Nc4 Rd8 52. Ne5 1-0

[Event "XLVIII Festival A"]
[Site "Imperia ITA"]
[Date "2006.09.06"]
[Round "5"]
[White "Raineri, Valerio"]
[Black "Luciani, Carlo"]
[WhiteElo "2145"]
[BlackElo "2236"]
[Result "1-0"]
[PlyCount "63"]
[EventDate "2006.09.03"]

1. e4 e5 2. Nf3 Nc6 3. Bb5 a6 4. Ba4 Nf6 5. d3 d6 6. c3 g6 7. Nbd2 Bg7 8. Nf1
h6 9. Ng3 O-O 10. O-O b5 11. Bc2 d5 12. Qe2 Be6 13. b3 Bg4 14. h3 Bxf3 15. Qxf3
d4 16. c4 Nh7 17. Qe2 h5 18. f4 exf4 19. Bxf4 Be5 20. Bxe5 Nxe5 21. Rf4 f6 22.
cxb5 axb5 23. b4 Qd6 24. Qd2 Kh8 25. Rf2 Nc6 26. Ne2 Nxb4 27. Bb3 Kg7 28. Nf4
Rfe8 29. Ne6+ Kh8 30. Rxf6 Nxd3 31. Qh6 Rxe6 32. Rf7 1-0

[Event "XLVIII Festival A"]
[Site "Imperia ITA"]
[Date "2006.09.06"]
[Round "5"]
[White "Ricci, Marco"]
[Black "Schwanengel, Ulrich"]
[WhiteElo "2150"]
[BlackElo "2103"]
[Result "1-0"]
[PlyCount "85"]
[EventDate "2006.09.03"]

1. e4 Nf6 2. e5 Nd5 3. d4 d6 4. Nf3 dxe5 5. Nxe5 c6 6. c4 Nb4 7. Be3 Bf5 8. Nd3
e6 9. a3 Nxd3+ 10. Bxd3 Bxd3 11. Qxd3 Nd7 12. Nc3 Be7 13. O-O O-O 14. Rfd1 Nf6
15. b4 Qd7 16. Bf4 Bd6 17. Be5 Bxe5 18. dxe5 Qxd3 19. Rxd3 Ng4 20. f4 a5 21. b5
Rfd8 22. Rad1 Rxd3 23. Rxd3 Kf8 24. h3 Nh6 25. Rd7 Rc8 26. b6 Rb8 27. Ne4 Nf5
28. g4 Ne3 29. Nd6 f6 30. exf6 gxf6 31. Rxh7 Rd8 32. Rh8+ Ke7 33. Rxd8 Kxd8 34.
Nxb7+ Kc8 35. Nxa5 c5 36. Kf2 Nc2 37. a4 Nd4 38. Ke3 Nc2+ 39. Ke4 Kd7 40. h4
Nb4 41. h5 Ke7 42. b7 Na6 43. Nc6+ 1-0

[Event "XLVIII Festival A"]
[Site "Imperia ITA"]
[Date "2006.09.07"]
[Round "6"]
[White "Biolek, Richard sr"]
[Black "Raineri, Valerio"]
[WhiteElo "2440"]
[BlackElo "2145"]
[Result "1-0"]
[PlyCount "95"]
[EventDate "2006.09.03"]

1. e4 e5 2. Nf3 Nc6 3. d4 exd4 4. Bc4 Nf6 5. e5 d5 6. Bb5 Ne4 7. Nxd4 Bc5 8.
Be3 Bd7 9. Bxc6 bxc6 10. O-O O-O 11. f3 Ng5 12. f4 Ne4 13. Nd2 Nxd2 14. Qxd2 f6
15. Nb3 Bb6 16. Bc5 Qe7 17. Qc3 fxe5 18. fxe5 Rxf1+ 19. Rxf1 Re8 20. Kh1 Bxc5
21. Nxc5 Bc8 22. Nd3 Ba6 23. Qxc6 Bxd3 24. Qxd5+ Qe6 25. Qxd3 Qxe5 26. Qc4+ Kh8
27. Qf7 h6 28. h3 Qe7 29. Qxe7 Rxe7 30. Rf4 c5 31. Kg1 Re1+ 32. Kf2 Rb1 33. b3
Rb2 34. Rc4 Rxa2 35. Rxc5 a5 36. Ke3 a4 37. bxa4 Rxa4 38. Rf5 g6 39. Rf2 Kg7
40. c3 Ra8 41. c4 Rd8 42. c5 Rd5 43. Rc2 Rd8 44. c6 Kf7 45. c7 Rc8 46. Ke4 Ke6
47. Rc6+ Kd7 48. Kd5 1-0

[Event "XLVIII Festival A"]
[Site "Imperia ITA"]
[Date "2006.09.07"]
[Round "6"]
[White "Egartner, Wolfgang"]
[Black "Schacher, Gerd"]
[WhiteElo "2147"]
[BlackElo "2274"]
[Result "0-1"]
[PlyCount "56"]
[EventDate "2006.09.03"]

1. d4 g6 2. g3 Bg7 3. Bg2 f5 4. c4 Nf6 5. Nc3 d6 6. Nf3 O-O 7. O-O Qe8 8. b4 c6
9. Bb2 e5 10. dxe5 dxe5 11. e3 e4 12. Nd4 Nbd7 13. c5 Ne5 14. Qb3+ Kh8 15. Nce2
Nd3 16. Rfd1 Nxb2 17. Qxb2 g5 18. Qb3 Ng4 19. Rac1 Qh5 20. Ne6 Bxe6 21. Qxe6
Rae8 22. Qb3 Nxh2 23. Nd4 Rf6 24. b5 Ng4 25. bxc6 bxc6 26. Nxc6 f4 27. exf4
gxf4 28. Rd6 f3 0-1

[Event "XLVIII Festival A"]
[Site "Imperia ITA"]
[Date "2006.09.07"]
[Round "6"]
[White "Fossati, Remigio"]
[Black "Di Paolo, Raffaele"]
[WhiteElo "2203"]
[BlackElo "2334"]
[Result "0-1"]
[PlyCount "84"]
[EventDate "2006.09.03"]

1. d4 Nf6 2. c4 g6 3. Nc3 Bg7 4. e4 d6 5. Nf3 O-O 6. Be2 e5 7. O-O Nc6 8. d5
Ne7 9. Nd2 a5 10. Rb1 Nd7 11. a3 f5 12. b4 Kh8 13. f3 Ng8 14. Qc2 Bh6 15. Nb5
axb4 16. axb4 Ndf6 17. c5 fxe4 18. fxe4 Bd7 19. Rb3 Ng4 20. Nf3 Bxc1 21. Rxc1
Bxb5 22. Bxb5 Qf6 23. Bd7 N4h6 24. Be6 Nf7 25. Qd2 Nd8 26. Bxg8 Kxg8 27. cxd6
cxd6 28. Rbc3 Nf7 29. Rc7 Ra3 30. Rf1 Qd8 31. Rxb7 Qc8 32. Re7 Qc4 33. Qe1 Ra2
34. Qh4 Qe2 35. Qg4 Nh6 36. Qe6+ Rf7 37. Re8+ Kg7 38. Qh3 Qxe4 39. Kh1 Ng4 40.
Qxh7+ Kxh7 41. Ng5+ Kh6 42. Rh8+ Kg7 0-1

[Event "XLVIII Festival A"]
[Site "Imperia ITA"]
[Date "2006.09.07"]
[Round "6"]
[White "Jacob, Volker"]
[Black "Del Dotto, Riccardo"]
[WhiteElo "2280"]
[BlackElo "2180"]
[Result "1-0"]
[PlyCount "71"]
[EventDate "2006.09.03"]

1. d4 d5 2. c4 c6 3. Nc3 Nf6 4. e3 a6 5. b3 b5 6. Bd3 Bg4 7. f3 Bh5 8. Nge2 e6
9. O-O Be7 10. Bd2 O-O 11. Be1 dxc4 12. bxc4 bxc4 13. Bxc4 Nd5 14. Bf2 Qa5 15.
Qa4 Qd8 16. e4 Nb6 17. Qb3 Nxc4 18. Qxc4 Bd6 19. Bg3 Qe7 20. Rab1 f6 21. e5
fxe5 22. dxe5 Bc5+ 23. Kh1 Bg6 24. Bh4 Qa7 25. Qxe6+ Bf7 26. Qg4 Re8 27. f4 Nd7
28. Ne4 Be6 29. f5 Bxa2 30. Rb2 Nxe5 31. Nf6+ Kh8 32. Qh5 g6 33. fxg6 Bd5 34.
Nxe8 Rxe8 35. Bf6+ Kg8 36. gxh7+ 1-0